Tesaurus Melayu moden : Utusan
| Main Author: | |
|---|---|
| Format: | Book |
| Published: |
Kuala Lumpur :
Utusan Pub. & Dist. ,
1994
|
| Subjects: |
MARC
| LEADER | 00000cam a2200000 7i4500 | ||
|---|---|---|---|
| 001 | 0000000299 | ||
| 005 | 20000728.0 | ||
| 020 | 0 | 0 | |a 9676104825 |
| 090 | 0 | 0 | |a MR499.2331bABD 1994 |
| 100 | 0 | 0 | |a ABDULLAH Hassan |c 1942- |
| 245 | 1 | 0 | |a Tesaurus Melayu moden : |b Utusan |c Abdullah Hassan & Ainon Mohd |
| 260 | 0 | 0 | |a Kuala Lumpur : |b Utusan Pub. & Dist. , |c 1994 |
| 300 | |a 344 p. ; |c 22 cm. | ||
| 650 | 0 | 0 | |a Malay language |x Synonyms and antonyms |x Dictionaries |
| 999 | |a 0000001397 |b Monograph |c Reference |e Default branch | ||